Morfología latina: teórico - práctico

Uloženo v:
Podrobná bibliografie
Hlavní autor: Zenoni, Giovanni
Médium: Kniha
Jazyk:Undetermined
Vydáno: Venecia, Italia Tipografía Sorteni e Vidotti 1909
Vydání:7
Témata:
Tagy: Přidat tag
Žádné tagy, Buďte první, kdo vytvoří štítek k tomuto záznamu!

MARC

LEADER 00000nam a2200000Ia 4500
008 170316s9999 xx 000 0 und d
090 |a 415-L Z-1m 
100 |a Zenoni, Giovanni 
245 |a Morfología latina: teórico - práctico 
250 |a 7 
260 |a Venecia, Italia 
260 |b Tipografía Sorteni e Vidotti 
260 |c 1909 
300 |a 283 páginas 
650 |a GRAMÁTICA LATINA 
999 |c 19677  |d 19677 
040 |a cru BVZT 
942 |c 15 D  |h 415-L Z-1m  |2 z